I Informe estado de situación de la persona adulta mayor en Costa Rica
En este informe se examinan los derechos, la salud, la seguridad económica, la participación, el acceso a los servicios y, en general las condiciones de vida de las personas de 65 años y más, con el objetivo de reconocer la contribución de las personas adultas mayores al desarrollo del país, así com...
Sparad:
| Institutionell upphovsman: | |
|---|---|
| Materialtyp: | Text |
| Språk: | Spanish |
| Publicerad: |
San José:
UCR
|
| Ämnen: | |
| Taggar: |
Lägg till en tagg
Inga taggar, Lägg till första taggen!
|
MARC
| LEADER | 00000 a a2200000 04500 | ||
|---|---|---|---|
| 001 | 39060 | ||
| 003 | cru IIS | ||
| 005 | 20221107101907.0 | ||
| 008 | 221107b |||||||| |||| 00| 0 spa d | ||
| 040 | |c cru IIS | ||
| 090 | |a RE14.02.02 P953p | ||
| 110 | |a Universidad de Costa Rica | ||
| 245 | |a I Informe estado de situación de la persona adulta mayor en Costa Rica | ||
| 260 | |a San José: |b UCR | ||
| 300 | |a 237 p. | ||
| 505 | |a 1 Disco compacto | ||
| 520 | |a En este informe se examinan los derechos, la salud, la seguridad económica, la participación, el acceso a los servicios y, en general las condiciones de vida de las personas de 65 años y más, con el objetivo de reconocer la contribución de las personas adultas mayores al desarrollo del país, así como resaltar las oportunidades asociadas al envejecimiento demográfico | ||
| 650 | |a INFORMES | ||
| 650 | |a ANCIANOS | ||
| 650 | |a COSTA RICA | ||
| 650 | |a ATENCION MEDICA | ||
| 650 | |a CONDICIONES ECONOMICAS | ||
| 650 | |a CONDICIONES DE HIGIENE | ||
| 650 | |a ASPECTOS LEGALES | ||
| 650 | |a SALUD | ||
| 942 | |2 ddc |c RE | ||
| 999 | |c 14322 |d 14322 | ||
